00450nam a2200145 i 4500001000300000100002000003245013300023260001900156700003000175700002400205040000800229041000800237080001800245008004100263bg1 aBAT', Moisej I.00aTeoretičeskaja mechanika w primerach i zadačach.nT. 1,pStatika i kinematika /cM.I. Bat', G.J. Dżanelidze, A.S. Kel'son. aMoskva,c1985. aDŻANELIDZE, Georgij Ju.1 aKELSON, Anatolij S. cBPK apol a531.1/.3(076) s pl f |000 0 pol